[Event "SV Bochum-Linden 1 - SV Erkenschwick 2"]
[Site "Verbandsliga - Gruppe 1 2018/"]
[Date "2018.12.02"]
[Round "4.2"]
[White "Schreck, Roland"]
[Black "Jungbluth, Rolf"]
[Result "0-1"]
[WhiteElo "2124"]
[BlackElo "1954"]
[PlyCount "138"]
[EventDate "2018.??.??"]

1. c4 c5 2. g3 Nc6 3. Bg2 g6 4. Nc3 Bg7 5. d3 e5 6. Bd2 d6 7. a3 Nge7 8. Rb1
Rb8 9. b4 O-O 10. h4 h5 11. Nf3 b6 12. Ng5 Nd4 13. Nd5 f6 14. Ne4 Bb7 15. e3
Ne6 16. Nec3 f5 17. Qa4 Nc8 18. Qc2 Kh7 19. Ne2 Ne7 20. O-O Nc7 21. e4 Ne6 22.
exf5 Nxf5 23. bxc5 dxc5 24. Bc3 Qd7 25. Rbe1 Bc6 26. Qb2 Ned4 27. Nxd4 cxd4 28.
Bb4 Rf7 29. Qe2 b5 30. Be4 Bh6 31. Bd2 bxc4 32. dxc4 Rb2 33. Rd1 Ba4 34. Qe1
Bxd1 35. Bxh6 Be2 36. Bc1 Ra2 37. Nb4 Bxf1 38. Nxa2 Bxc4 39. Nb4 Nd6 40. Bc6
Qh3 41. Bg2 Qf5 42. Nc6 Qc2 43. Nxe5 Re7 44. f4 Bd3 45. Qd2 Bf5 46. Qxc2 Bxc2
47. Kf2 Ne4+ 48. Bxe4 Bxe4 49. Bb2 d3 50. Ke3 Bf5 51. Bc3 Rb7 52. Bb4 Rb5 53.
Nc4 Rd5 54. Kd2 Kg8 55. Ne3 Rd7 56. Nc4 Rd8 57. Ne5 Rc8 58. Ke3 Rc2 59. Nxd3
Bxd3 60. Kxd3 Rg2 61. Be1 Kf7 62. Ke3 Ke6 63. Bf2 Rh2 64. Kf3 a6 65. g4 hxg4+
66. Kg3 Rh3+ 67. Kxg4 Rxa3 68. Kg5 Rf3 69. Be1 Rf1 0-1

[Event "SV Bochum-Linden 1 - SV Erkenschwick 2"]
[Site "Verbandsliga - Gruppe 1 2018/"]
[Date "2018.12.02"]
[Round "4.3"]
[White "Broszeit, Peter"]
[Black "Boehm, Ingo"]
[Result "1/2-1/2"]
[WhiteElo "1906"]
[BlackElo "2036"]
[PlyCount "27"]
[EventDate "2018.??.??"]

1. e4 g6 2. d4 d6 3. Nc3 Nf6 4. a3 Bg7 5. f4 O-O 6. Nf3 Na6 7. e5 Nd7 8. Bc4
Nb6 9. Ba2 c5 10. Be3 cxd4 11. Bxd4 Nc5 12. O-O Qc7 13. exd6 Qxd6 14. Bxg7
1/2-1/2

[Event "SV Bochum-Linden 1 - SV Erkenschwick 2"]
[Site "Verbandsliga - Gruppe 1 2018/"]
[Date "2018.12.02"]
[Round "4.4"]
[White "Schmidt, Ralph"]
[Black "Schulze Bisping, Franz-Adolf"]
[Result "1-0"]
[WhiteElo "1936"]
[BlackElo "1915"]
[Annotator "Daniel"]
[PlyCount "109"]
[EventDate "2018.??.??"]

1. e4 e6 2. Nc3 d5 3. exd5 exd5 4. Qf3 c6 5. d4 Bd6 6. Bd3 Nf6 7. Bg5 Nbd7 8.
Nge2 O-O 9. O-O Qc7 10. Ng3 Re8 11. Rfe1 h6 12. Rxe8+ Nxe8 13. Re1 Ndf6 14.
Bxf6 Nxf6 15. Nh5 Nxh5 16. Qxh5 Bd7 17. g4 Qd8 18. h4 Bf8 19. g5 g6 20. Bxg6
fxg6 21. Qxg6+ Kh8 22. f4 Bg7 23. Kg2 $11 Qf8 24. Rf1 Qf5 25. Qxf5 Bxf5 26. Ne2
Be4+ 27. Kg3 Rf8 28. c3 Kh7 29. Kg4 Bf5+ 30. Kf3 Bd3 31. Rf2 hxg5 32. hxg5 Kg6
33. Ng3 Bf5 34. Re2 b6 35. Re7 Bc8 36. Rc7 c5 37. dxc5 bxc5 38. Rxc5 d4 39.
cxd4 Bxd4 40. Rc6+ Kh7 41. Rc7+ Kg8 42. Ke4 Bb6 43. Rc3 Re8+ 44. Kf3 Kf7 45. f5
Bb7+ 46. Kf4 Rh8 47. Kg4 Rd8 48. g6+ Kg8 49. Kg5 Rd2 50. f6 Rxb2 51. Nf5 Rb5
52. Kf4 Rb4+ 53. Kg3 Bf2+ 54. Kh2 Rb1 55. Ne7+ 1-0

[Event "SV Bochum-Linden 1 - SV Erkenschwick 2"]
[Site "Verbandsliga - Gruppe 1 2018/"]
[Date "2018.12.02"]
[Round "4.5"]
[White "Broksch, Dirk"]
[Black "Hochstein, Udo"]
[Result "1/2-1/2"]
[WhiteElo "1844"]
[BlackElo "1892"]
[PlyCount "107"]
[EventDate "2018.??.??"]

1. d4 Nf6 2. Nf3 g6 3. Bf4 Bg7 4. h3 b6 5. e3 Bb7 6. Be2 O-O 7. O-O d6 8. c4 c5
9. Nc3 cxd4 10. exd4 Nbd7 11. Re1 Rc8 12. Bf1 Re8 13. Rc1 Nh5 14. Be3 h6 15. d5
Nhf6 16. Qd2 h5 17. b4 a5 18. b5 Nc5 19. Bf4 Qc7 20. Bg3 Kf8 21. Nd4 Ng8 22.
Rcd1 Ra8 23. Nc6 Nh6 24. Bf4 Ng8 25. Ne4 Nxe4 26. Rxe4 Bc8 27. Rde1 Bf5 28.
R4e3 Bf6 29. Rf3 Kg7 30. Bd3 Bxd3 31. Qxd3 a4 32. Qd2 a3 33. Qb4 Bb2 34. Rfe3
Qd7 35. R3e2 Bf6 36. Be3 Qc7 37. Bc1 Nh6 38. Bxa3 Nf5 39. Bb2 Bxb2 40. Qxb2+
Kg8 41. Qc2 Qd7 42. Qd3 e5 43. dxe6 Rxe6 44. Rxe6 fxe6 45. g4 hxg4 46. hxg4 Nh4
47. Qg3 g5 48. Qe3 Kf7 49. Rd1 Qc7 50. Qe4 Rg8 51. Qd3 Ng6 52. Qxd6 Qxd6 53.
Rxd6 Ra8 54. Rd2 1/2-1/2

[Event "SV Bochum-Linden 1 - SV Erkenschwick 2"]
[Site "Verbandsliga - Gruppe 1 2018/"]
[Date "2018.12.02"]
[Round "4.6"]
[White "Artz, Klaus"]
[Black "Strohmann, Marcel"]
[Result "0-1"]
[WhiteElo "1855"]
[BlackElo "1843"]
[Annotator "Daniel"]
[PlyCount "118"]
[EventDate "2018.??.??"]

1. c4 Nf6 2. Nc3 g6 3. g3 Bg7 4. Bg2 O-O 5. d4 c6 6. e4 d6 7. h3 e5 8. Be3 Nbd7
9. d5 c5 10. Nge2 Ne8 11. g4 h6 12. Qd2 Kh7 13. Ng3 a6 14. f3 Rb8 15. a4 Nc7
16. Qd3 b6 17. h4 Re8 18. g5 h5 19. Bh3 Nf8 20. Bxc8 Qxc8 21. Qe2 Qd7 22. Kf2
b5 23. axb5 axb5 24. cxb5 Nxb5 25. Nxb5 Rxb5 26. Ra2 Reb8 27. Rha1 R8b7 28. Kg2
Qc7 29. Qc2 Qb6 30. Bc1 Nd7 31. Ne2 Qc7 32. Bd2 Bf8 33. Nc3 R5b6 34. Nd1 Rb5
$11 35. Ra6 R5b6 36. Rxb6 Nxb6 37. Ba5 Qb8 38. Bxb6 Rxb6 39. Ra2 Rb4 40. Qe2
Qb5 41. Qxb5 Rxb5 42. Ra7 Kg8 43. Kf2 Rb3 44. Ke2 Kg7 45. Ra2 Rb7 46. Kd3 Be7
47. Kc3 f6 48. gxf6+ Bxf6 49. Ra6 Rd7 50. Ne3 Bxh4 51. Nc4 Be7 52. Kd3 Kf6 53.
Ke3 Kg5 54. Ra1 h4 55. Rg1+ Kh5 56. f4 exf4+ 57. Kxf4 Rb7 58. e5 Rb4 59. Rc1
Bg5+ 0-1

[Event "SV Bochum-Linden 1 - SV Erkenschwick 2"]
[Site "Verbandsliga - Gruppe 1 2018/"]
[Date "2018.12.02"]
[Round "4.7"]
[White "Stoetzel, Martin"]
[Black "Pappert, Thomas"]
[Result "1/2-1/2"]
[WhiteElo "1756"]
[BlackElo "1766"]
[Annotator "Daniel"]
[PlyCount "115"]
[EventDate "2018.??.??"]

1. e4 c5 2. Nf3 Nc6 3. d4 cxd4 4. Nxd4 e5 5. Nb5 d6 6. N1c3 a6 7. Na3 Be6 8.
Be2 f5 9. exf5 Bxf5 10. O-O Nf6 11. Bg5 Be7 12. Bxf6 Bxf6 13. Nd5 O-O 14. c3
Rb8 15. Nc4 b5 16. Nce3 Be6 17. Nxf6+ $11 Rxf6 18. Bf3 Ne7 19. Nd5 Rh6 20.
Nxe7+ Qxe7 21. Bd5 Rd8 22. Bxe6+ Qxe6 23. Qe2 d5 24. a4 bxa4 25. Rxa4 e4 26.
Rfa1 Ra8 27. b4 Qe5 28. h3 Qxc3 29. Rxa6 Rhxa6 30. Rxa6 Rb8 31. Qa2 Qe5 32. Ra5
Rd8 33. Ra8 Rxa8 34. Qxa8+ Kf7 35. Qb7+ Kf6 36. Qc6+ Qe6 37. Qc3+ Kf7 38. Qd4
Qd7 39. Kf1 Qb5+ 40. Ke1 Ke6 41. h4 g6 42. Kd2 Qf1 43. g3 Qb5 44. Ke3 h6 45.
Kf4 Qb8+ 46. Ke3 g5 47. hxg5 hxg5 48. Qc5 Qb7 49. Kd4 Qg7+ 50. Ke3 Qf7 51. Qd4
Qf3+ 52. Kd2 Qb3 53. Qc3 Qa2+ 54. Ke3 Qa7+ 55. Qd4 Qa6 56. Qc3 Qb6+ 57. Qd4 Qb5
58. Qc3 1/2-1/2

[Event "SV Bochum-Linden 1 - SV Erkenschwick 2"]
[Site "Verbandsliga - Gruppe 1 2018/"]
[Date "2018.12.02"]
[Round "4.8"]
[White "Skara, Milenko"]
[Black "Abulhanov, Dinar"]
[Result "1/2-1/2"]
[WhiteElo "1719"]
[BlackElo "1511"]
[PlyCount "30"]
[EventDate "2018.??.??"]

1. e4 c5 2. Nf3 d6 3. d4 cxd4 4. Nxd4 Nc6 5. Nc3 a6 6. Be3 Nf6 7. Be2 e6 8. O-O
Be7 9. f4 Qc7 10. Bf3 Bd7 11. Kh1 Nxd4 12. Bxd4 e5 13. Be3 O-O 14. Qe2 b5 15.
a3 Rac8 1/2-1/2

[Event "SV Ahlen 1 - SV Rot-Weiß-Altenessen 1"]
[Site "Verbandsliga - Gruppe 1 2018/"]
[Date "2018.12.02"]
[Round "4.1"]
[White "PraÃŸ, Marian"]
[Black "Steinle, Carsten"]
[Result "1-0"]
[WhiteElo "1988"]
[BlackElo "2137"]
[PlyCount "83"]
[EventDate "2018.??.??"]

1. e4 e6 2. d4 d5 3. Nd2 Nf6 4. e5 Nfd7 5. Bd3 b6 6. c3 Ba6 7. Bxa6 Nxa6 8. Qe2
Qc8 9. Ngf3 c5 10. a3 Nc7 11. h4 Qa6 12. Qxa6 Nxa6 13. Nf1 Rc8 14. Ne3 b5 15.
Bd2 Nb6 16. b3 Be7 17. Ke2 O-O 18. Ra2 Nb8 19. Rb1 Nc6 20. b4 cxd4 21. cxd4 f6
22. exf6 Bxf6 23. Nc2 Nc4 24. Be1 Nd6 25. Rd1 Nf5 26. h5 Nd6 27. Rd3 Be7 28.
Re3 Nc4 29. Rxe6 Kf7 30. Re3 Nxe3 31. Nxe3 Bf6 32. Bc3 Ne7 33. Kd3 Rc7 34. Bd2
Rfc8 35. g4 h6 36. a4 Rb8 37. Ne5+ Bxe5 38. dxe5 a5 39. axb5 axb4 40. Bxb4 Rxb5
41. Bxe7 Kxe7 42. Nf5+ 1-0

[Event "SV Ahlen 1 - SV Rot-Weiß-Altenessen 1"]
[Site "Verbandsliga - Gruppe 1 2018/"]
[Date "2018.12.02"]
[Round "4.2"]
[White "Torres-Kuckel, Rafael"]
[Black "Kordonowski, Frank"]
[Result "1-0"]
[WhiteElo "2105"]
[BlackElo "2002"]
[PlyCount "67"]
[EventDate "2018.??.??"]

1. d4 Nf6 2. Nf3 d6 3. Bf4 Bg4 4. e3 Nbd7 5. Be2 h6 6. h3 Bf5 7. Nc3 c6 8. Bd3
Bxd3 9. Qxd3 Qa5 10. e4 e6 11. O-O-O Be7 12. Kb1 d5 13. Ne5 Nxe5 14. Bxe5 a6
15. g4 b5 16. Bxf6 Bxf6 17. e5 Be7 18. f4 b4 19. Ne2 Qb5 20. Qf3 c5 21. dxc5
Bxc5 22. f5 Ra7 23. Nf4 O-O 24. h4 Qc4 25. Rde1 Bd4 26. g5 Rc8 27. Rh2 exf5 28.
gxh6 g6 29. h5 g5 30. Nxd5 Rc5 31. Nf6+ Kf8 32. h7 Kg7 33. h8=Q+ Kxh8 34. Qxf5
1-0

[Event "SV Ahlen 1 - SV Rot-Weiß-Altenessen 1"]
[Site "Verbandsliga - Gruppe 1 2018/"]
[Date "2018.12.02"]
[Round "4.3"]
[White "Birdaini, Becir"]
[Black "Volesky, Alexander"]
[Result "0-1"]
[WhiteElo "2044"]
[BlackElo "2048"]
[PlyCount "60"]
[EventDate "2018.??.??"]

1. e4 c5 2. Nf3 e6 3. Nc3 a6 4. a3 b5 5. d3 Nc6 6. Be2 Nf6 7. O-O Be7 8. a4 b4
9. Nb1 d5 10. Nbd2 O-O 11. b3 Qc7 12. Bb2 Bb7 13. h3 Rad8 14. Qe1 Nd4 15. Bd1
dxe4 16. Nxd4 cxd4 17. Nc4 Qf4 18. Bc1 Qf5 19. Be2 Nd7 20. Bd2 a5 21. Bg4 Qg6
22. Qe2 f5 23. Bh5 exd3 24. Bxg6 dxe2 25. Bxh7+ Kxh7 26. Rfe1 Ra8 27. Rxe2 Bd5
28. Rae1 Bxc4 29. bxc4 e5 30. f3 Rac8 0-1

[Event "SV Ahlen 1 - SV Rot-Weiß-Altenessen 1"]
[Site "Verbandsliga - Gruppe 1 2018/"]
[Date "2018.12.02"]
[Round "4.4"]
[White "Volesky, Karl-Heinz"]
[Black "Cavasin, Joerg"]
[Result "0-1"]
[WhiteElo "2029"]
[BlackElo "1923"]
[PlyCount "56"]
[EventDate "2018.??.??"]

1. e4 c5 2. Nf3 e6 3. d4 cxd4 4. Nxd4 a6 5. Nc3 b5 6. Bd3 Bb7 7. Be3 Nc6 8. O-O
Nf6 9. Nb3 d6 10. f4 Be7 11. Qf3 Qc7 12. Qg3 Rg8 13. h3 h5 14. Qf2 Bd8 15. Rad1
Ne7 16. e5 Nfd5 17. exd6 Qxd6 18. Bc5 Qc6 19. Ne4 Nf5 20. g4 hxg4 21. hxg4 g6
22. Nd4 Nxd4 23. Qxd4 Bc7 24. c4 bxc4 25. Bxc4 O-O-O 26. Bd6 Rxd6 27. Nxd6+
Qxd6 28. Bxd5 Bb6 0-1

[Event "SV Ahlen 1 - SV Rot-Weiß-Altenessen 1"]
[Site "Verbandsliga - Gruppe 1 2018/"]
[Date "2018.12.02"]
[Round "4.5"]
[White "Rohloff, Markus"]
[Black "Woestmann, Ulrich"]
[Result "1-0"]
[WhiteElo "1902"]
[BlackElo "1963"]
[PlyCount "67"]
[EventDate "2018.??.??"]

1. e4 c5 2. Nf3 d6 3. d4 cxd4 4. Nxd4 Nf6 5. Nc3 a6 6. Bc4 e6 7. Be3 Nbd7 8. f3
Ne5 9. Bb3 Be7 10. Qd2 Bd7 11. O-O-O Qc7 12. g4 b5 13. g5 Nh5 14. Qe2 Nc4 15.
Bxc4 bxc4 16. f4 g6 17. f5 d5 18. f6 Bb4 19. exd5 Bxc3 20. bxc3 O-O 21. dxe6
fxe6 22. Rhf1 e5 23. Nf5 Bxf5 24. Rxf5 Rab8 25. f7+ Rxf7 26. Rxf7 Qxf7 27. Qg4
Qf5 28. Qxc4+ Kh8 29. Rf1 Qh3 30. Ba7 Rc8 31. Bc5 Nf4 32. Rxf4 Qd7 33. Rf7 Rxc5
34. Rf8+ 1-0

[Event "SV Ahlen 1 - SV Rot-Weiß-Altenessen 1"]
[Site "Verbandsliga - Gruppe 1 2018/"]
[Date "2018.12.02"]
[Round "4.6"]
[White "Busche, Klaus"]
[Black "Avgustin, Thomas"]
[Result "1-0"]
[WhiteElo "1920"]
[BlackElo "1739"]
[PlyCount "97"]
[EventDate "2018.??.??"]

1. d4 d5 2. Bf4 e6 3. e3 c5 4. c3 Nc6 5. Nd2 Bd7 6. Ngf3 Qb6 7. Qb3 Nf6 8. h3
Be7 9. Be2 O-O 10. O-O Rfc8 11. Ne5 cxd4 12. exd4 Be8 13. Bd3 Nd7 14. Nxd7 Bxd7
15. Qxb6 axb6 16. a3 Na5 17. Rfe1 b5 18. Bg3 Nc4 19. Nxc4 bxc4 20. Bc2 Ba4 21.
Rac1 Rc6 22. Bxa4 Rxa4 23. Rc2 Rb6 24. Bf4 Rb3 25. Bc1 Bf8 26. f4 g6 27. g4 Bh6
28. Rg2 Ra6 29. g5 Bg7 30. h4 f6 31. f5 Kf7 32. fxg6+ hxg6 33. gxf6 Bxf6 34.
Rf1 Kg7 35. h5 g5 36. Bxg5 Bxg5 37. Rxg5+ Kh6 38. Rg2 Ra8 39. Rf6+ Kxh5 40. Rf3
Kh4 41. Rf7 Rh8 42. Rh2+ Kg5 43. Rxh8 Rxb2 44. Rg8+ Kh6 45. Rf3 Rb1+ 46. Kf2
Kh7 47. Rg4 Rh1 48. Kg2 Rh6 49. Rh3 1-0

[Event "SV Ahlen 1 - SV Rot-Weiß-Altenessen 1"]
[Site "Verbandsliga - Gruppe 1 2018/"]
[Date "2018.12.02"]
[Round "4.7"]
[White "Metzner, Carsten"]
[Black "Starp, Klaus"]
[Result "0-1"]
[WhiteElo "1831"]
[BlackElo "1905"]
[PlyCount "66"]
[EventDate "2018.??.??"]

1. d4 Nf6 2. Nf3 c5 3. d5 e6 4. dxe6 fxe6 5. c4 d5 6. e3 Be7 7. Be2 O-O 8. O-O
Nc6 9. b3 d4 10. exd4 cxd4 11. Bb2 e5 12. a3 a5 13. h3 Bf5 14. Re1 d3 15. Bf1
e4 16. Nh2 Nd4 17. Bxd4 Qxd4 18. Ra2 Bd6 19. Qd2 a4 20. Qb2 Qc5 21. b4 Qc7 22.
Ng4 Bxg4 23. hxg4 Bh2+ 24. Kh1 Nxg4 25. f3 Nf6 26. Nc3 Bg3 27. Rxe4 Nxe4 28.
Nxe4 Rad8 29. Qd2 Bf4 30. Qc3 Qe5 31. Qxe5 Bxe5 32. Rd2 Rd4 33. c5 Rxe4 0-1

[Event "SV Ahlen 1 - SV Rot-Weiß-Altenessen 1"]
[Site "Verbandsliga - Gruppe 1 2018/"]
[Date "2018.12.02"]
[Round "4.8"]
[White "Dreesbach, Harald"]
[Black "Drawe, Thomas"]
[Result "1/2-1/2"]
[WhiteElo "1754"]
[BlackElo "1830"]
[PlyCount "45"]
[EventDate "2018.??.??"]

1. d4 Nf6 2. Nf3 g6 3. e3 Bg7 4. Bd3 O-O 5. Nbd2 b6 6. Qe2 Bb7 7. c3 e6 8. O-O
d5 9. Re1 c5 10. dxc5 bxc5 11. e4 Nc6 12. Bc2 Rc8 13. Nf1 Qb6 14. Ng3 d4 15.
cxd4 cxd4 16. a3 Rfd8 17. Rb1 e5 18. b4 Qc7 19. Bd3 Nd7 20. Qa2 Nb6 21. Bg5 Rf8
22. a4 Qd6 23. Bd2 1/2-1/2

[Event "SV Bottrop 1 - SK Holsterhausen 1"]
[Site "Verbandsliga - Gruppe 1 2018/"]
[Date "2018.12.02"]
[Round "4.1"]
[White "Dergatschova, Anna"]
[Black "Stadtmann, Jens"]
[Result "0-1"]
[WhiteElo "2150"]
[BlackElo "2133"]
[PlyCount "100"]
[EventDate "2018.??.??"]

1. c4 e5 2. Nc3 Nc6 3. Nf3 g6 4. e3 f5 5. d4 e4 6. Nd2 Nf6 7. Be2 Bg7 8. b3 O-O
9. Bb2 Re8 10. a3 Kh8 11. b4 d5 12. cxd5 Nxd5 13. Nxd5 Qxd5 14. Bc4 Qd6 15. g3
Ne7 16. h4 Be6 17. h5 g5 18. h6 Bf6 19. Qb3 Nd5 20. g4 c6 21. gxf5 Bxf5 22.
O-O-O b5 23. Bf1 a5 24. bxa5 Rxa5 25. Re1 g4 26. Qc2 Ra7 27. Bg2 Qe7 28. Kb1 b4
29. axb4 Nxb4 30. Qc3 Nd3 31. Nc4 Rb8 32. Re2 Rab7 33. Ka1 Qc7 34. Rh5 Bg6 35.
Re5 Rb3 36. Qxb3 Rxb3 37. Re6 Nxb2 38. Rxb2 Rxb2 39. Kxb2 Bg5 40. Bxe4 Qb8+ 41.
Kc3 Bxe4 42. Rxe4 Bxh6 43. Rxg4 Bg7 44. Rg5 Qe8 45. f4 h6 46. Rc5 h5 47. Kd3 h4
48. Rg5 Bf6 49. Rg1 h3 50. f5 Qg8 0-1

[Event "SV Bottrop 1 - SK Holsterhausen 1"]
[Site "Verbandsliga - Gruppe 1 2018/"]
[Date "2018.12.02"]
[Round "4.2"]
[White "Mohrholz, Uwe"]
[Black "Walbaum, Klaus"]
[Result "0-1"]
[WhiteElo "1977"]
[BlackElo "2089"]
[Annotator "Daniel"]
[PlyCount "92"]
[EventDate "2018.??.??"]

1. e4 c5 2. Nc3 Nc6 3. Nf3 g6 4. d4 cxd4 5. Nxd4 Bg7 6. Be3 Nf6 7. Nxc6 bxc6 8.
Bc4 d6 9. f3 Qc7 10. Qd2 h5 11. O-O a5 12. Rad1 Ba6 13. Qd3 Qb7 14. Bxa6 Qxa6
15. Na4 Nd7 16. Bd4 Bxd4+ 17. Qxd4 O-O 18. f4 Rfb8 19. b3 Qa7 20. Rfe1 $11 Rb4
21. Qxa7 Rxa7 22. c3 Rb5 23. c4 Rb4 24. Re3 Nb6 25. a3 Nxc4 26. Rc3 Nxa3 27. e5
dxe5 28. fxe5 Re4 29. Rc5 Nb5 30. Rd8+ Kg7 31. Kf2 Nd4 32. Rc4 Ne6 33. Rxe4
Nxd8 34. Nc5 Ne6 35. Nxe6+ fxe6 36. Rc4 Ra6 37. Rc5 g5 38. h3 h4 39. Ke3 Kg6
40. Kd3 Kf5 41. Kc3 a4 42. bxa4 Rxa4 43. Kb3 Re4 44. Rxc6 Re2 45. Kc3 Kxe5 46.
Rc5+ Kf6 0-1

[Event "SV Bottrop 1 - SK Holsterhausen 1"]
[Site "Verbandsliga - Gruppe 1 2018/"]
[Date "2018.12.02"]
[Round "4.3"]
[White "Schwalen, Peter"]
[Black "Nowak, Steven"]
[Result "1/2-1/2"]
[WhiteElo "2076"]
[BlackElo "1911"]
[PlyCount "32"]
[EventDate "2018.??.??"]

1. e4 e6 2. d4 d5 3. Nd2 dxe4 4. Nxe4 Bd7 5. Nf3 Bc6 6. Bd3 Nd7 7. O-O Ngf6 8.
Bg5 Be7 9. Bxf6 Nxf6 10. Ned2 O-O 11. Re1 Bxf3 12. Nxf3 c5 13. c3 cxd4 14. Nxd4
Qb6 15. Qe2 Bc5 16. Nb3 Be7 1/2-1/2

[Event "SV Bottrop 1 - SK Holsterhausen 1"]
[Site "Verbandsliga - Gruppe 1 2018/"]
[Date "2018.12.02"]
[Round "4.4"]
[White "Masberg, Stefan"]
[Black "Kortenbusch, Christoph"]
[Result "1/2-1/2"]
[WhiteElo "1933"]
[BlackElo "2088"]
[PlyCount "30"]
[EventDate "2018.??.??"]

1. e4 c5 2. Nf3 d6 3. d4 cxd4 4. Nxd4 Nf6 5. Nc3 g6 6. Be3 Bg7 7. f3 O-O 8. Qd2
Nc6 9. Bc4 Bd7 10. O-O-O Rb8 11. Kb1 Na5 12. Be2 a6 13. Bh6 b5 14. Bxg7 Kxg7
15. Nd5 Nc4 1/2-1/2

[Event "SV Bottrop 1 - SK Holsterhausen 1"]
[Site "Verbandsliga - Gruppe 1 2018/"]
[Date "2018.12.02"]
[Round "4.5"]
[White "Sicars, Thorsten"]
[Black "Gierse, Heinz-Dieter"]
[Result "1-0"]
[WhiteElo "1945"]
[BlackElo "1956"]
[PlyCount "103"]
[EventDate "2018.??.??"]

1. d4 Nf6 2. Bf4 c5 3. d5 b5 4. a4 b4 5. Nf3 Nh5 6. Bc1 g6 7. e4 d6 8. Bc4 Bg7
9. O-O O-O 10. Re1 Nd7 11. Bf1 Qc7 12. Nbd2 Bb7 13. Nc4 Nb6 14. Ra2 Nxc4 15.
Bxc4 Rad8 16. Bd2 Nf6 17. Qc1 Bc8 18. Bg5 Bg4 19. Nh4 Rfe8 20. Qf4 Bc8 21. Nf3
Nh5 22. Qe3 Nf6 23. Qf4 Nh5 24. Qe3 Nf6 25. h3 e5 26. c3 a5 27. cxb4 axb4 28.
Bb5 Bd7 29. Bxd7 Rxd7 30. Nd2 Ra8 31. b3 Ne8 32. Nc4 Bf6 33. Bh6 Bg7 34. Bxg7
Nxg7 35. f4 Re8 36. fxe5 dxe5 37. Rd2 f5 38. d6 Qa7 39. Rd5 fxe4 40. Qxe4 Nf5
41. Rxe5 Rxe5 42. Qxe5 Rf7 43. Qd5 Kg7 44. Kh2 h5 45. Ne5 Rf8 46. d7 Qb8 47.
Kg1 c4 48. Nc6 Qb6+ 49. Kh2 Qf2 50. Qe5+ Kh7 51. d8=Q Rxd8 52. Nxd8 1-0

[Event "SV Bottrop 1 - SK Holsterhausen 1"]
[Site "Verbandsliga - Gruppe 1 2018/"]
[Date "2018.12.02"]
[Round "4.6"]
[White "Jaeger, Heinz"]
[Black "Warmbier, Robert"]
[Result "1-0"]
[WhiteElo "1966"]
[BlackElo "1893"]
[PlyCount "115"]
[EventDate "2018.??.??"]

1. d4 Nf6 2. Nf3 e6 3. Bg5 c5 4. e3 Qa5+ 5. c3 Ne4 6. Bf4 cxd4 7. exd4 Nc6 8.
Bd3 Nf6 9. O-O Be7 10. Nbd2 d5 11. Re1 h6 12. Nf1 Bd7 13. Ng3 Rc8 14. Ne5 Qd8
15. Qf3 O-O 16. Rad1 Nxe5 17. Bxe5 Bc6 18. Re3 Ne8 19. Qg4 Bd6 20. f4 f5 21.
Qg6 Nf6 22. Nh5 Rc7 23. Bxf6 Rxf6 24. Nxf6+ Qxf6 25. Qxf6 gxf6 26. Rxe6 Bxf4
27. Rf1 Bg5 28. Bxf5 Kf7 29. Rfe1 Bb5 30. g3 Bd2 31. Rd1 Bd7 32. Re2 Bxf5 33.
Rdxd2 b5 34. Rf2 Be4 35. Rde2 Kg6 36. Rf4 f5 37. Re3 h5 38. Kf2 Rc6 39. Ke2 Ra6
40. a3 Rc6 41. Kd2 a5 42. Rf1 Kg5 43. Ra1 Kg4 44. Rf1 Kg5 45. Re2 Rc8 46. Ke3
Kf6 47. Kd2 Rg8 48. a4 bxa4 49. Ra1 Rb8 50. Ke3 Kg5 51. Rxa4 Rb5 52. h3 Bb1 53.
b4 Rb8 54. Rxa5 Be4 55. Rb2 h4 56. gxh4+ Kxh4 57. Kf4 Kxh3 58. Raa2 1-0

[Event "SV Bottrop 1 - SK Holsterhausen 1"]
[Site "Verbandsliga - Gruppe 1 2018/"]
[Date "2018.12.02"]
[Round "4.7"]
[White "Krieglstein, Marcel"]
[Black "Huestegge, Ulrich"]
[Result "1/2-1/2"]
[WhiteElo "1835"]
[BlackElo "1813"]
[Annotator "Daniel"]
[PlyCount "94"]
[EventDate "2018.??.??"]

1. d4 d5 2. c4 e6 3. Nc3 Nf6 4. Bg5 Be7 5. e3 O-O 6. Nf3 Nc6 7. Rc1 h6 8. Bh4
a6 9. Be2 Ne4 10. Bxe7 Qxe7 11. O-O f5 12. a3 f4 13. cxd5 Nxc3 14. Rxc3 exd5
15. Qb3 Qd6 16. Rfc1 Rf7 17. Rc5 fxe3 18. fxe3 Qe6 19. Rxc6 bxc6 20. Ne5 Bd7
21. Bg4 Qf6 22. Nxf7 Qxf7 23. Rf1 Qe7 24. Bxd7 Qxd7 $11 25. Qb7 Qe8 26. Rf3 Rb8
27. Qxa6 Rxb2 28. Qd3 Ra2 29. Qb3 Ra1+ 30. Rf1 Rxf1+ 31. Kxf1 Qa8 32. h3 Kf7
33. Kf2 Ke6 34. Qd3 Ke7 35. Kg3 Qa4 36. Kh2 Qc4 37. Qg6 Kf8 38. Qf5+ Kg8 39.
Qc8+ Kh7 40. Qxc7 Qa4 41. Qe7 Qc2 42. Qb4 Qd3 43. Qe7 Qc2 44. Qc5 Qa4 45. Qc3
Qc4 46. Qb4 Qd3 47. Qe7 Qc2 1/2-1/2

[Event "SV Bottrop 1 - SK Holsterhausen 1"]
[Site "Verbandsliga - Gruppe 1 2018/"]
[Date "2018.12.02"]
[Round "4.8"]
[White "Braun, Uwe"]
[Black "Petrovic, Vladan"]
[Result "0-1"]
[WhiteElo "1707"]
[BlackElo "1864"]
[PlyCount "108"]
[EventDate "2018.??.??"]

1. c4 c6 2. e4 d5 3. exd5 cxd5 4. d4 Nf6 5. Nf3 g6 6. Nc3 Bg7 7. Be2 O-O 8. O-O
Nc6 9. h3 a6 10. a4 b6 11. Be3 Bb7 12. Re1 e6 13. Bg5 Qd6 14. cxd5 Nxd5 15. Bc4
Na5 16. Ba2 Rac8 17. Ne4 Qb4 18. Qd2 Qxd2 19. Nexd2 h6 20. Bh4 Rc2 21. b4 Nxb4
22. Bb1 Rc7 23. Bg3 Rd7 24. Be5 Rc8 25. Ra3 Nc2 26. Bxc2 Rxc2 27. Raa1 Bxe5 28.
Rxe5 Nc6 29. Re4 Na5 30. Rf4 Bxf3 31. Nxf3 Nc4 32. Rb1 Rd5 33. Ne5 Nxe5 34.
dxe5 b5 35. axb5 axb5 36. Rfb4 Rcc5 37. f4 Rc4 38. Rxc4 bxc4 39. Rb8+ Kg7 40.
Rc8 Rd4 41. g3 g5 42. fxg5 hxg5 43. Kf2 Kg6 44. Rc5 Kf5 45. Rc7 Kxe5 46. Rxf7
c3 47. Rc7 Rd3 48. Rc8 Kd4 49. Rc7 Rd2+ 50. Kf3 Rh2 51. Rd7+ Kc4 52. Kg4 c2 53.
h4 gxh4 54. gxh4 Rh1 0-1

[Event "SG Bochum 3 - SK Sodingen/Castrop 2"]
[Site "Verbandsliga - Gruppe 1 2018/"]
[Date "2018.12.02"]
[Round "4.2"]
[White "Butschek, Marc"]
[Black "Foerster, Wolfgang"]
[Result "1/2-1/2"]
[WhiteElo "1959"]
[BlackElo "1953"]
[PlyCount "30"]
[EventDate "2018.??.??"]

1. e4 c5 2. c3 Nf6 3. e5 Nd5 4. d4 cxd4 5. Qxd4 e6 6. Nf3 Nc6 7. Qe4 f5 8. Qe2
Be7 9. Qd1 O-O 10. Bc4 Nb6 11. Bd3 d5 12. exd6 Qxd6 13. O-O Kh8 14. Bg5 e5 15.
Qd2 e4 1/2-1/2

[Event "SG Bochum 3 - SK Sodingen/Castrop 2"]
[Site "Verbandsliga - Gruppe 1 2018/"]
[Date "2018.12.02"]
[Round "4.3"]
[White "Schriewer, Thomas"]
[Black "Fistoul, Boris"]
[Result "0-1"]
[WhiteElo "1907"]
[BlackElo "1955"]
[PlyCount "82"]
[EventDate "2018.??.??"]

1. Nf3 e6 2. d4 b6 3. c4 Bb7 4. e3 f5 5. Be2 Nf6 6. O-O Be7 7. Nbd2 O-O 8. b3
a5 9. Bb2 Ne4 10. Ne5 d6 11. Nd3 Nxd2 12. Qxd2 g5 13. f3 Nd7 14. Rad1 Qe8 15.
Nf2 Qg6 16. Bd3 h5 17. Qe2 g4 18. Kh1 Rf7 19. e4 Raf8 20. exf5 exf5 21. d5 Nc5
22. Bc2 Bc8 23. a3 Bd7 24. b4 axb4 25. axb4 Na4 26. Bd4 Bf6 27. Bxf6 Qxf6 28.
Ra1 b5 29. Bxa4 bxa4 30. b5 Ra8 31. fxg4 fxg4 32. Nd3 Re8 33. Rxf6 Rxe2 34.
Rxf7 Kxf7 35. Kg1 Re3 36. Nb4 Rc3 37. Nc6 Bxc6 38. bxc6 Rxc4 39. Kf2 Kf6 40.
Rb1 a3 41. Rb7 Ra4 0-1

[Event "SG Bochum 3 - SK Sodingen/Castrop 2"]
[Site "Verbandsliga - Gruppe 1 2018/"]
[Date "2018.12.02"]
[Round "4.4"]
[White "Pilat, Fabian"]
[Black "Evertz, Dieter"]
[Result "1/2-1/2"]
[WhiteElo "1928"]
[BlackElo "1924"]
[PlyCount "90"]
[EventDate "2018.??.??"]

1. d4 f5 2. c4 Nf6 3. Nc3 g6 4. g3 Bg7 5. Bg2 O-O 6. e4 fxe4 7. Nxe4 Nxe4 8.
Bxe4 d6 9. h4 Nc6 10. Be3 e5 11. h5 Bf5 12. Bd5+ Kh8 13. Bxc6 bxc6 14. g4 exd4
15. Bxd4 Qe7+ 16. Kf1 Be4 17. Rh3 c5 18. Bxg7+ Qxg7 19. hxg6 Qxg6 20. Rc1 Rf4
21. Rg3 Raf8 22. Nh3 Rf3 23. Rc3 R3f7 24. Rce3 Bc6 25. Kg1 Bd7 26. Qd3 Qxd3 27.
Rxd3 h5 28. gxh5 Bxh3 29. Rxh3 Rxf2 30. Rb3 R2f4 31. Rbc3 Kh7 32. b3 Rf1+ 33.
Kg2 R1f2+ 34. Kg3 Rxa2 35. Re3 Rf7 36. Rh4 Raf2 37. Rg4 Rf1 38. Kg2 R1f5 39. h6
R5f6 40. Reg3 c6 41. Rg7+ Kxh6 42. Rg8 Kh7 43. R8g5 Re7 44. Rh3+ Rh6 45. Rhg3
Rf7 1/2-1/2